[Event "Cotswold Open 2025"]
[Site "?"]
[Date "2025.05.24"]
[Round "1.1"]
[White "White, Ian R"]
[Black "Spence, David"]
[Result "0-1"]
[WhiteElo "1938"]
[BlackElo "2295"]
[WhiteFideId "-1"]
[WhiteFideId "-1"]
[PlyCount "78"]
[GameId "2186604079393769"]
[SourceVersionDate "2025.06.08"]

1. Nf3 Nf6 2. d4 e6 3. c4 b6 4. Nc3 Bb4 5. Bg5 h6 6. Bxf6 Bxc3+ 7. bxc3 Qxf6 8. e4 Nc6 9. e5 Qe7 10. Bd3 Ba6 11. O-O Na5 12. c5 Bxd3 13. Qxd3 bxc5 14. Qb5 Nc6 15. Qxc5 Qxc5 16. dxc5 Rb8 17. Rab1 Ke7 18. Rfe1 g5 19. h3 Rxb1 20. Rxb1 Rb8 21. Rxb8 Nxb8 22. Nd4 c6 23. Kf1 Na6 24. Nb3 f6 25. exf6+ Kxf6 26. Ke2 Ke5 27. Kd3 Kf4 28. Kc4 e5 29. Nd2 h5 30. g3+ Kf5 31. a4 Nc7 32. Kd3 h4 33. Ne4 Nd5 34. Nd6+ Ke6 35. Nc8 g4 36. Ke2 gxh3 37. Kf1 hxg3 38. fxg3 Nxc3 39. Nxa7 e4 0-1

[Event "Cotswold Open 2025"]
[Site "?"]
[Date "2025.05.24"]
[Round "1.2"]
[White "Stubbs, Oliver"]
[Black "Van Kemenade, Rudy"]
[Result "1-0"]
[WhiteElo "2284"]
[BlackElo "1936"]
[WhiteFideId "-1"]
[WhiteFideId "-1"]
[PlyCount "63"]
[GameId "2186607308184602"]
[SourceVersionDate "2025.06.08"]

1. Nf3 d6 2. d4 f5 3. g3 Nf6 4. Bg2 g6 5. O-O Bg7 6. c4 O-O 7. Nc3 Qe8 8. d5 Na6 9. Rb1 c6 10. dxc6 bxc6 11. b4 Rb8 12. a3 h6 13. Qa4 Ne4 14. Nxe4 fxe4 15. Nd2 d5 16. Bb2 e5 17. Nb3 e3 18. cxd5 exf2+ 19. Kh1 cxd5 20. Qxe8 Rxe8 21. Bxd5+ Be6 22. Bxe6+ Rxe6 23. Rxf2 Rc8 24. e4 Rc4 25. Nd2 Rc2 26. Kg2 Nc7 27. Nf3 Rc4 28. Rc1 Rxc1 29. Bxc1 Rc6 30. Bb2 Nb5 31. Rd2 Nd6 32. Bxe5 1-0

[Event "Cotswold Open 2025"]
[Site "?"]
[Date "2025.05.24"]
[Round "1.3"]
[White "Holmes, Matthew"]
[Black "Ogunshola, Olugbemiga"]
[Result "0-1"]
[WhiteElo "1927"]
[BlackElo "2197"]
[WhiteFideId "-1"]
[WhiteFideId "-1"]
[PlyCount "114"]
[GameId "2186608273710210"]
[SourceVersionDate "2025.06.08"]

1. Nf3 Nf6 2. c4 g6 3. Nc3 Bg7 4. e4 O-O 5. d4 d6 6. Be2 e5 7. dxe5 dxe5 8. Qxd8 Rxd8 9. Bg5 Re8 10. O-O-O Na6 11. Ne1 Be6 12. f3 c6 13. Nc2 Nd7 14. b3 Bf8 15. Kb2 f6 16. Be3 Nb4 17. Nxb4 Bxb4 18. a3 Be7 19. b4 Reb8 20. Na4 Kf7 21. Rc1 h5 22. h4 c5 23. b5 a6 24. Nc3 Nb6 25. Nd5 Na4+ 26. Kb3 axb5 27. cxb5 Bxd5+ 28. exd5 Bd6 29. Bc4 Nb6 30. Rhd1 Rc8 31. Rd2 Ra4 32. Ra2 Rca8 33. Bf2 f5 34. Rc3 Ke7 35. Be3 Kd7 36. g3 R8a5 37. Bc1 Rxc4 38. Rxc4 Rxb5+ 39. Kc3 Nxc4 40. Kxc4 Rb1 41. Be3 b5+ 42. Kc3 f4 43. gxf4 exf4 44. Bf2 Rd1 45. a4 b4+ 46. Kc4 Rc1+ 47. Kb5 b3 48. Rb2 c4 49. Bc5 Rc2 50. Rb1 c3 51. Rxb3 Rb2 52. Bxd6 Rxb3+ 53. Kc4 c2 54. Bxf4 Rxf3 55. Bg5 Rf1 56. a5 c1=Q+ 57. Bxc1 Rxc1+ 0-1

[Event "Cotswold Open 2025"]
[Site "?"]
[Date "2025.05.24"]
[Round "1.4"]
[White "Ashworth, Michael"]
[Black "Clarke, Ian"]
[Result "1-0"]
[WhiteElo "2194"]
[BlackElo "1925"]
[WhiteFideId "-1"]
[WhiteFideId "-1"]
[PlyCount "135"]
[GameId "2186609752611977"]
[SourceVersionDate "2025.06.08"]

1. d4 e6 2. c4 f5 3. g3 Nf6 4. Bg2 Be7 5. Nf3 O-O 6. O-O d6 7. Nc3 Ne4 8. Bd2 Nc6 9. d5 Nxd2 10. Nxd2 Ne5 11. Qb3 Nd7 12. dxe6 Nc5 13. Qc2 c6 14. b4 Nxe6 15. Nf3 Qc7 16. Rfd1 Bd7 17. e3 Rae8 18. Rd2 Rd8 19. Rad1 Be8 20. Ne2 a6 21. Nfd4 Nxd4 22. Nxd4 Bd7 23. Qb3 Kh8 24. Rb1 Qc8 25. b5 axb5 26. cxb5 d5 27. Rc1 Qa8 28. Rdc2 Rb8 29. bxc6 bxc6 30. Qd3 c5 31. Ne2 Bc6 32. Nf4 c4 33. Qd2 Ba3 34. Rf1 Rfd8 35. Qd4 Qa4 36. Rd2 Bb4 37. Ne6 Rd7 38. Nc5 Bxc5 39. Qxc5 Qa8 40. Rfd1 Rbd8 41. Rb1 Rb7 42. Rdb2 Rxb2 43. Rxb2 Qc8 44. Rd2 Qd7 45. h4 Ba8 46. Qd4 h6 47. Qb2 Rc8 48. Qc3 Kh7 49. Kh2 Qd6 50. Bh3 Qe6 51. Qc2 g6 52. h5 Qe4 53. hxg6+ Kxg6 54. Qxe4 dxe4 55. g4 Bd5 56. gxf5+ Kf6 57. Bf1 c3 58. Rc2 Bxa2 59. Bb5 Bb1 60. Rc1 Bd3 61. Bd7 Rc7 62. Be6 Ke5 63. Kg3 Rb7 64. Rxc3 Rg7+ 65. Kh2 Be2 66. Rc5+ Kf6 67. Rc6 h5 68. Bc4+ 1-0

[Event "Cotswold Open 2025"]
[Site "?"]
[Date "2025.05.24"]
[Round "1.5"]
[White "Guilfoyle, John"]
[Black "James, Russell"]
[Result "0-1"]
[WhiteElo "1925"]
[BlackElo "2178"]
[WhiteFideId "-1"]
[WhiteFideId "-1"]
[PlyCount "90"]
[GameId "2196599118132628"]
[SourceVersionDate "2025.06.08"]

{[%evp 0,20,11,26,16,5,40,-3,43,2,46,51,50,22,60,72,90,83,67,3,-47,-28,-72]} 1. d4 Nf6 2. c4 c5 3. d5 b5 4. Nf3 g6 5. cxb5 a6 6. Nc3 Bg7 7. e4 d6 8. h3 O-O 9. Bc4 axb5 10. Bxb5 Nxe4 11. Nxe4 Qa5+ 12. Nc3 Bxc3+ 13. bxc3 Qxb5 14. Bh6 Re8 15. Qe2 Qxe2+ 16. Kxe2 Ba6+ 17. Ke3 Bc4 18. Rhd1 Rxa2 19. Rxa2 Bxa2 20. g4 Nd7 21. g5 Nb6 22. Ra1 Bxd5 23. Nd2 Be6 24. h4 Nd5+ 25. Kd3 Bf5+ 26. Kc4 Nf4 27. Kb5 Bd7+ 28. Kb6 Nd5+ 29. Kb7 Nxc3 30. Re1 Bc8+ 31. Kc6 Be6 32. Re3 Nd5 33. Ra3 Nb4+ 34. Kb7 Nc2 35. Ra7 Nd4 36. Ra3 Bd5+ 37. Kb6 Rb8+ 38. Kc7 Nb5+ 39. Kxb8 Nxa3 40. Nf1 c4 41. Ne3 Be6 42. Nd1 Nb5 43. Nb2 c3 44. Nd3 Nd4 45. Nc1 Nb3 0-1

[Event "Cotswold Open 2025"]
[Site "?"]
[Date "2025.05.24"]
[Round "1.6"]
[White "Hariharan, Shambavi"]
[Black "De Piro, Tristram"]
[Result "1/2-1/2"]
[WhiteElo "2149"]
[BlackElo "1902"]
[WhiteFideId "-1"]
[WhiteFideId "-1"]
[PlyCount "53"]
[GameId "2187334324453893"]
[SourceVersionDate "2025.06.08"]

1. d4 g6 2. c4 Bg7 3. Nc3 Nf6 4. Bg5 h6 5. Bh4 g5 6. Bg3 Nh5 7. e4 Nxg3 8. hxg3 d6 9. Be2 c5 10. d5 O-O 11. Qd2 e6 12. f4 exd5 13. cxd5 a6 14. a4 Re8 15. Nh3 Bxh3 16. Rxh3 Nd7 17. Kf1 Nf6 18. Bd3 g4 19. Rh4 c4 20. Bc2 b5 21. Re1 b4 22. Nd1 b3 23. Bb1 Qd7 24. Nc3 Re7 25. Qe2 Rc8 26. Qf2 Qb7 27. Qd2 1/2-1/2

[Event "Cotswold Open 2025"]
[Site "?"]
[Date "2025.05.24"]
[Round "1.7"]
[White "Robinson, Adam"]
[Black "Schell, Finn"]
[Result "1/2-1/2"]
[WhiteElo "1896"]
[BlackElo "2149"]
[WhiteFideId "-1"]
[WhiteFideId "-1"]
[PlyCount "49"]
[GameId "2187335681143377"]
[SourceVersionDate "2025.06.08"]

1. e4 c6 2. c4 d5 3. cxd5 cxd5 4. exd5 Nf6 5. Nc3 Nxd5 6. Nf3 g6 7. Bb5+ Bd7 8. Qa4 Nxc3 9. dxc3 Bg7 10. Bf4 O-O 11. Rd1 Bxb5 12. Qxb5 Qb6 13. Qxb6 axb6 14. Bxb8 Rfxb8 15. a3 Rd8 16. Ke2 Kf8 17. Rd3 e5 18. Rhd1 Rxd3 19. Kxd3 Rd8+ 20. Ke2 Rxd1 21. Kxd1 Ke7 22. Kc2 f5 23. Kb3 Kd6 24. Kc4 Kc6 25. a4 1/2-1/2

[Event "Cotswold Open 2025"]
[Site "?"]
[Date "2025.05.24"]
[Round "1.8"]
[White "Beaumont, Chris"]
[Black "Attwell, Ben"]
[Result "1/2-1/2"]
[WhiteElo "2143"]
[BlackElo "1895"]
[WhiteFideId "-1"]
[WhiteFideId "-1"]
[PlyCount "56"]
[GameId "2196599220151714"]
[SourceVersionDate "2025.06.08"]

{[%evp 0,56,17,25,15,13,17,10,14,13,25,25,25,31,27,23,45,28,29,29,32,45,32,-111,46,-44,44,47,42,54,43,19,-114,-16,-103,9,-6,18,21,24,42,34,37,55,25,87,25,10,8,-71,-7,-17,-10,-8,-77,-4,-15,-27,-5]} 1. c4 e6 2. Nf3 d5 3. g3 Nf6 4. Bg2 c5 5. cxd5 Nxd5 6. Nc3 Nc6 7. O-O Be7 8. Nxd5 exd5 9. d4 O-O 10. dxc5 Bxc5 11. Bg5 Be7 12. Bxe7 Qxe7 13. e3 Be6 14. Nd4 Qf6 15. Rc1 Nxd4 16. exd4 Rac8 17. Qa4 a6 18. Qb4 h5 19. h4 Rfd8 20. b3 b5 21. Rc5 Rxc5 22. dxc5 Qb2 23. c6 Rc8 24. Qc5 Qxa2 25. Bxd5 Bxd5 26. Qxd5 Qc2 27. Re1 Qxc6 28. Qxh5 Re8 1/2-1/2

[Event "Cotswold Open 2025"]
[Site "?"]
[Date "2025.05.24"]
[Round "1.9"]
[White "Moldovan, Alexandru"]
[Black "Gomez, Daniel"]
[Result "0-1"]
[WhiteElo "1894"]
[BlackElo "2124"]
[WhiteFideId "-1"]
[WhiteFideId "-1"]
[PlyCount "102"]
[GameId "2204186130837921"]
[SourceVersionDate "2025.06.08"]

1. e4 e6 2. Nf3 d5 3. Nc3 Nf6 4. e5 Nfd7 5. d4 c5 6. Bg5 Qb6 7. dxc5 Bxc5 8. Qd2 Nc6 9. Bf4 a6 10. Rb1 f6 11. exf6 Nxf6 12. Na4 Bxf2+ 13. Qxf2 Qb4+ 14. Nd2 Qxa4 15. Bd3 O-O 16. Bd6 Rf7 17. Nf3 Ne4 18. Bxe4 dxe4 19. O-O exf3 20. Qg3 Qd4+ 21. Kh1 e5 22. Rbd1 Qg4 23. gxf3 Qxg3 24. hxg3 Bh3 25. Rf2 Rd8 26. Kh2 Be6 27. Kg2 Rfd7 28. Rfd2 a5 29. a3 Na7 30. Rd3 Bf5 31. Rd5 Nc8 32. Rxe5 Rxd6 33. Rxd6 Nxd6 34. c4 Nxc4 35. Rc5 Be6 36. b3 Rd2+ 37. Kg1 Nxa3 38. Rxa5 Nc2 39. Rb5 Bd5 40. f4 Nd4 41. Rb6 Ne2+ 42. Kf2 Nc1+ 43. Ke1 Nxb3 44. g4 Kf7 45. g5 Rg2 46. Rb5 Ke6 47. f5+ Ke5 48. f6 Rxg5 49. fxg7 Rxg7 50. Rb4 Nd4 51. Rb2 Rg1+ 0-1

[Event "Cotswold Open 2025"]
[Site "?"]
[Date "2025.05.24"]
[Round "1.10"]
[White "Norris, Zack"]
[Black "Hammond, Matthew"]
[Result "1-0"]
[WhiteElo "2088"]
[BlackElo "1893"]
[WhiteFideId "-1"]
[WhiteFideId "-1"]
[PlyCount "55"]
[GameId "2187992892928078"]
[SourceVersionDate "2025.06.08"]

{[%evp 0,20,22,-16,17,0,11,44,12,8,1,21,16,14,54,37,32,41,38,78,46,35,182]} 1. c4 Nf6 2. Nc3 c5 3. g3 g6 4. Bg2 Bg7 5. e3 Nc6 6. Nge2 e5 7. O-O O-O 8. d4 cxd4 9. exd4 d6 10. h3 Bf5 11. Be3 Rb8 12. b3 Nb4 13. dxe5 Nd7 14. exd6 b6 15. Qd2 Nc2 16. Rad1 Nxe3 17. Qxe3 Nc5 18. Nd5 Qd7 19. Ne7+ Kh8 20. Nxf5 Qxf5 21. Nd4 Qd7 22. Qe7 Bxd4 23. Rxd4 Qxe7 24. dxe7 Rfe8 25. Re1 Ne6 26. Rd7 Nc5 27. Rxa7 Rbc8 28. Bb7 1-0

[Event "Cotswold Open 2025"]
[Site "?"]
[Date "2025.05.24"]
[Round "1.11"]
[White "Lappin, Benjamin"]
[Black "Headlong, Tim"]
[Result "1/2-1/2"]
[WhiteElo "1893"]
[BlackElo "2087"]
[WhiteFideId "-1"]
[WhiteFideId "-1"]
[PlyCount "44"]
[GameId "2187994340630665"]
[SourceVersionDate "2025.06.08"]

{[%evp 0,44,15,-11,-29,-12,-19,-18,-1,-23,-30,-27,-13,-41,-33,-51,-41,-51,-10,-61,-27,89,-22,-14,-10,26,-9,-17,20,-23,19,-62,-7,-106,-26,-145,35,-35,-134,6,-12,-56,-90,-37,-70,-40,-173]} 1. f4 c5 2. Nf3 Nf6 3. g3 g6 4. Bg2 Bg7 5. d3 d5 6. c3 O-O 7. O-O Nc6 8. Na3 Rb8 9. Ne5 Nxe5 10. fxe5 Ne8 11. Bf4 Nc7 12. d4 b6 13. Qd2 Bb7 14. Bh6 Ne6 15. Bh3 Bc8 16. Rf2 f6 17. Raf1 cxd4 18. exf6 exf6 19. Bxe6+ Bxe6 20. cxd4 Rc8 21. Bxg7 Kxg7 22. Nb1 Qd7 1/2-1/2

[Event "Cotswold Open 2025"]
[Site "?"]
[Date "2025.05.24"]
[Round "1.12"]
[White "Homer, Stephen"]
[Black "Gartside, Carl"]
[Result "1-0"]
[WhiteElo "2080"]
[BlackElo "1884"]
[WhiteFideId "-1"]
[WhiteFideId "-1"]
[PlyCount "117"]
[GameId "2189490821128952"]
[SourceVersionDate "2025.06.08"]

1. e4 e5 2. Nf3 Nc6 3. Bc4 Nf6 4. d3 h6 5. c3 Be7 6. Nbd2 O-O 7. O-O d5 8. Bb5 Bg4 9. Re1 d4 10. h3 Bxf3 11. Nxf3 dxc3 12. bxc3 Bd6 13. d4 Re8 14. d5 a6 15. Ba4 b5 16. dxc6 bxa4 17. Qxa4 Nh5 18. g3 Qf6 19. Kg2 Bc5 20. Qc4 Bb6 21. Be3 Bxe3 22. Rxe3 Re6 23. Rd1 Rxc6 24. Qd5 Re8 25. Qd7 Ree6 26. Rd5 Re7 27. Qg4 g6 28. Rd8+ Kh7 29. Qc8 Rd6 30. Rd3 Rxd3 31. Rxd3 Ng7 32. Rd5 Ne8 33. Qa8 Re6 34. Ra5 Nd6 35. Rxa6 Qe7 36. Qd5 f5 37. exf5 gxf5 38. Nh4 Qf6 39. Rc6 Re7 40. c4 Rg7 41. Nf3 e4 42. c5 Qc3 43. Ng5+ hxg5 44. cxd6 Qf3+ 45. Kg1 cxd6 46. Qxd6 Qh5 47. Rc7 Qxh3 48. Rxg7+ Kxg7 49. Qe5+ Kg6 50. a4 Qg4 51. Qd4 Qe2 52. Qd7 f4 53. gxf4 gxf4 54. Qe6+ Kg5 55. Qe5+ Kg4 56. Qg7+ Kf5 57. Qd7+ Kg5 58. Qb5+ Qxb5 59. axb5 1-0

[Event "Cotswold Open 2025"]
[Site "?"]
[Date "2025.05.24"]
[Round "1.13"]
[White "Tamilselvan, Tara"]
[Black "Baer, Bruce"]
[Result "0-1"]
[WhiteElo "1868"]
[BlackElo "2058"]
[WhiteFideId "-1"]
[WhiteFideId "-1"]
[PlyCount "64"]
[GameId "2189490901263144"]
[SourceVersionDate "2025.06.08"]

1. e4 g6 2. d4 Bg7 3. Nf3 d6 4. Bc4 e6 5. Nc3 Ne7 6. Bf4 a6 7. a4 b6 8. Qd2 h6 9. h4 Nd7 10. Ne2 Bb7 11. Bd3 e5 12. dxe5 dxe5 13. Bh2 f5 14. Nc3 f4 15. g3 Nc5 16. gxf4 Qd7 17. b4 Nxd3+ 18. cxd3 exf4 19. Bxf4 O-O 20. Ne5 Qe6 21. d4 Rad8 22. Rg1 Rxd4 23. Qxd4 Rxf4 24. Ne2 Rxe4 25. Qd8+ Kh7 26. f4 Rxf4 27. Nxf4 Qxe5+ 28. Ne2 Qxa1+ 29. Kd2 Qb2+ 30. Ke1 Qxb4+ 31. Kf1 Qb1+ 32. Kf2 Qf5+ 0-1

[Event "Cotswold Open 2025"]
[Site "?"]
[Date "2025.05.24"]
[Round "1.14"]
[White "Carey, Alex"]
[Black "Smith, David"]
[Result "1-0"]
[WhiteElo "2054"]
[BlackElo "1859"]
[WhiteFideId "-1"]
[WhiteFideId "-1"]
[PlyCount "75"]
[GameId "2189492142359343"]
[SourceVersionDate "2025.06.08"]

{[%evp 0,75,17,21,46,59,25,27,-98,42,54,31,25,19,14,22,14,20,25,-4,28,-19,-26,-14,-21,-96,-78,-157,-38,-33,-32,-60,-27,-22,54,119,114,109,199,206,153,165,148,175,200,220,227,179,184,178,192,204,209,162,217,218,232,220,106,191,186,215,240,214,287,212,299,312,298,209,233,272,250,295,433,421,568,542]} 1. e4 e6 2. d4 d5 3. Nc3 dxe4 4. Nxe4 Nf6 5. Bg5 Be7 6. Bxf6 Bxf6 7. Nf3 O-O 8. c3 b6 9. Bd3 Bb7 10. h4 Nd7 11. Nfg5 h6 12. Qg4 Be7 13. Rh3 Bxe4 14. Qxe4 Nf6 15. Qf3 a5 16. Ne4 Rc8 17. Nxf6+ Bxf6 18. Qe4 g6 19. h5 Qd5 20. hxg6 Qxe4+ 21. Bxe4 Bg7 22. gxf7+ Rxf7 23. Bc6 Rcf8 24. f3 Re7 25. Kf2 Rf6 26. Re1 Kf8 27. Ba4 Rg6 28. f4 c5 29. dxc5 bxc5 30. Rh5 Rb7 31. Re2 Rc7 32. Kf3 e5 33. Rf5+ Ke7 34. fxe5 Ke6 35. g4 Rg5 36. Kf4 Rg6 37. Re4 Bh8 38. Bb3+ 1-0

[Event "Cotswold Open 2025"]
[Site "?"]
[Date "2025.05.24"]
[Round "1.15"]
[White "Kumar, Yuvraj"]
[Black "Gillings, Matt"]
[Result "0-1"]
[WhiteElo "1855"]
[BlackElo "2045"]
[WhiteFideId "-1"]
[WhiteFideId "-1"]
[PlyCount "112"]
[GameId "2189493907571557"]
[SourceVersionDate "2025.06.08"]

{[%evp 0,78,17,15,20,23,18,18,11,5,18,10,9,17,16,38,12,24,10,12,20,8,-47,-14,-8,1,6,-9,0,108,-24,-32,-64,-49,-84,-57,-136,-104,-60,-67,-78,-100,-222,-86,-145,-102,-230,-92,-95,-80,-55,-69,-63,-75,-188,-79,-78,-91,-125,-184,-158,-143,-193,-239,-298,-225,-232,-385,-240,-270,-295,-275,-188,-333,-240,-275,-246,-313,-245,-235,-223]} 1. e4 c5 2. Nc3 Nc6 3. Bb5 Nd4 4. Nf3 Nxb5 5. Nxb5 d6 6. d4 a6 7. Nc3 cxd4 8. Qxd4 e5 9. Qd3 h6 10. O-O Nf6 11. a4 Be7 12. a5 Be6 13. Re1 O-O 14. Be3 Qc7 15. Bb6 Qc6 16. h3 Rac8 17. Nd2 Rfe8 18. Rec1 d5 19. exd5 Nxd5 20. Nxd5 Bxd5 21. f3 Bc5+ 22. Bxc5 Qxc5+ 23. Kh1 Rcd8 24. Ne4 Qe7 25. Qe3 f5 26. Nc3 Bc6 27. Rd1 Rxd1+ 28. Nxd1 e4 29. fxe4 Bxe4 30. Qb3+ Kh8 31. Nf2 Bc6 32. Qg3 Qe2 33. Rc1 Qd2 34. Rd1 Qxc2 35. b4 Qc4 36. Qd3 Qf7 37. Qg3 f4 38. Qg4 f3 39. g3 Qe6 40. Qd4 Qe3 41. Qb2 Qe5 42. Qxe5 Rxe5 43. Kg1 Re2 44. Rb1 Kg8 45. g4 Kf7 46. Nd3 Kf6 47. Rb2 Rxb2 48. Nxb2 Ke5 49. Kf2 Kd4 50. Nd1 g6 51. Ne3 Kc3 52. h4 Kxb4 53. h5 gxh5 54. gxh5 Be8 55. Nf5 Bxh5 56. Nxh6 Kxa5 0-1

[Event "Cotswold Open 2025"]
[Site "?"]
[Date "2025.05.24"]
[Round "1.16"]
[White "Hill, Andy"]
[Black "Small, Edward"]
[Result "1-0"]
[WhiteElo "2037"]
[BlackElo "1842"]
[WhiteFideId "-1"]
[WhiteFideId "-1"]
[PlyCount "131"]
[GameId "2189495639941997"]
[SourceVersionDate "2025.06.08"]

1. Nf3 Nf6 2. d4 d5 3. e3 a6 4. Bd3 e6 5. O-O c5 6. b3 cxd4 7. exd4 Nc6 8. a3 Bd6 9. Qe2 O-O 10. Bb2 Bd7 11. Nbd2 Ne7 12. Ne5 Rc8 13. f4 Bb5 14. c4 dxc4 15. bxc4 Bc6 16. Nxc6 Rxc6 17. Ne4 Nxe4 18. Bxe4 Rc8 19. c5 Bc7 20. Bxb7 Rb8 21. Bxa6 Nd5 22. g3 Rb3 23. Bc4 Re3 24. Qf2 Re8 25. Rfe1 Rxe1+ 26. Rxe1 Ba5 27. Rc1 Qf6 28. Qe2 Rb8 29. a4 h5 30. Bb5 h4 31. Kg2 Bc7 32. Rf1 Qg6 33. Kf2 hxg3+ 34. hxg3 Qh6 35. Rg1 Qh2+ 36. Rg2 Qh3 37. Qf3 Ba5 38. Kg1 Qf5 39. Bd3 Qf6 40. Qe4 g6 41. Qe5 Qxe5 42. dxe5 Rc8 43. Bd4 Rd8 44. Bb2 Ne3 45. Be4 Nxg2 46. Bxg2 Bb4 47. c6 Bc5+ 48. Kf1 Kf8 49. Bc3 Ke7 50. Ke2 Rc8 51. Ba5 Ba7 52. Kd3 Bf2 53. g4 Ba7 54. Kc4 Be3 55. f5 gxf5 56. gxf5 exf5 57. Kd5 Ra8 58. Bb4+ Kd8 59. a5 f4 60. Kd6 Ra7 61. Be1 Rc7 62. Bh3 Ra7 63. Bd7 Rxd7+ 64. cxd7 f3 65. Bh4+ f6 66. Bxf6# 1-0

[Event "Cotswold Open 2025"]
[Site "?"]
[Date "2025.05.24"]
[Round "1.17"]
[White "Sui, Yueyue"]
[Black "Hatchett, Paul"]
[Result "1/2-1/2"]
[WhiteElo "1824"]
[BlackElo "1989"]
[WhiteFideId "-1"]
[WhiteFideId "-1"]
[PlyCount "105"]
[GameId "2189497578926964"]
[SourceVersionDate "2025.06.08"]

1. d4 c5 2. d5 e6 3. c4 Nf6 4. Nc3 exd5 5. cxd5 d6 6. e4 g6 7. Bd3 Bg7 8. Nge2 O-O 9. O-O Na6 10. a3 Nc7 11. Bd2 b5 12. b4 Ng4 13. f3 Ne5 14. Bc2 Nc4 15. bxc5 dxc5 16. Ra2 f5 17. Bb3 Nxd2 18. Rxd2 c4 19. Bc2 Qd6 20. Nb1 Bh6 21. f4 fxe4 22. Bxe4 Bg4 23. g3 Bg7 24. Bf3 Bf5 25. Kg2 Bd3 26. Rxd3 cxd3 27. Qxd3 Rad8 28. Rd1 Kh8 29. Nec3 a6 30. Rd2 Rfe8 31. a4 bxa4 32. Nxa4 Nb5 33. Nac3 Nd4 34. Be4 Rb8 35. Ra2 Rb6 36. Nd2 Qf6 37. Nc4 Rb3 38. Ne5 Rxe5 39. Rxa6 Re6 40. Ra8+ Bf8 41. dxe6 Nxe6 42. Rc8 Kg7 43. Qd7+ Kh6 44. Rc6 Nxf4+ 45. gxf4 Qxf4 46. Qh3+ Kg7 47. Qd7+ Kh6 48. Qd3 Bb4 49. Qh3+ Kg7 50. Qd7+ Kh6 51. Qh3+ Kg7 52. Qd7+ Kh6 53. Qh3+ 1/2-1/2

[Event "Cotswold Open 2025"]
[Site "?"]
[Date "2025.05.24"]
[Round "1.18"]
[White "Bolt, Graham"]
[Black "Lawrence, Spencer"]
[Result "1/2-1/2"]
[WhiteElo "1980"]
[BlackElo "1811"]
[WhiteFideId "-1"]
[WhiteFideId "-1"]
[PlyCount "122"]
[GameId "2189500463686531"]
[SourceVersionDate "2025.06.08"]

1. Nf3 d5 2. g3 Nf6 3. Bg2 e6 4. O-O Be7 5. d4 O-O 6. c4 dxc4 7. Nc3 b6 8. Ne5 Nd5 9. Nxc4 Bb7 10. e4 Nxc3 11. bxc3 c5 12. Ne3 Re8 13. Qd2 cxd4 14. cxd4 Nd7 15. Bb2 Nf6 16. f3 Rc8 17. Rac1 Qd7 18. Rxc8 Rxc8 19. Rc1 Rxc1+ 20. Qxc1 Qc6 21. Bf1 Qxc1 22. Bxc1 Kf8 23. Kf2 Ke8 24. Bd3 g6 25. Nc4 Nd7 26. h4 h5 27. Bf4 Ba6 28. Ke3 Kf8 29. Nd6 Bxd3 30. Kxd3 a6 31. Nc4 Bd8 32. Na3 f6 33. Nc2 Be7 34. Bc7 g5 35. hxg5 fxg5 36. Ne3 Kf7 37. d5 Bc5 38. Ng2 exd5 39. exd5 Nf6 40. d6 Ke6 41. f4 gxf4 42. Nxf4+ Kd7 43. a4 Bxd6 44. Bxb6 h4 45. Nh3 Bxg3 46. Kd4 Kc6 47. Bd8 Nd5 48. Bg5 Be1 49. Kc4 Nb6+ 50. Kb3 Kd5 51. Bd8 Nd7 52. Ka3 Ne5 53. Kb3 Ke4 54. Bc7 Bg3 55. Bd8 Nd3 56. Kc4 Nf2 57. Ng1 h3 58. Nxh3 Nxh3 59. Kc5 Bf2+ 60. Kc6 Nf4 61. Kb7 Ne6 1/2-1/2

[Event "Cotswold Open 2025"]
[Site "?"]
[Date "2025.05.24"]
[Round "1.19"]
[White "Poderico, Francesco"]
[Black "Ashworth, Robert"]
[Result "0-1"]
[WhiteElo "1761"]
[BlackElo "1979"]
[WhiteFideId "-1"]
[WhiteFideId "-1"]
[PlyCount "74"]
[GameId "2189504096412687"]
[SourceVersionDate "2025.06.08"]

{[%evp 0,58,21,23,16,11,19,17,-29,22,18,12,-25,16,21,33,51,37,37,33,19,25,14,26,5,-18,71,10,96,68,59,-52,-2,-2,22,35,9,1,-3,2,44,41,-114,11,-119,54,-49,-39,34,6,80,33,44,22,59,69,87,51,58,157,64]} 1. d4 d5 2. c4 c6 3. e3 Nf6 4. Nf3 e6 5. Nbd2 Nbd7 6. Bd3 Bd6 7. O-O O-O 8. e4 e5 9. cxd5 cxd5 10. exd5 exd4 11. Nc4 Bc5 12. Bg5 Nb6 13. Nxb6 Qxb6 14. Bxf6 Qxf6 15. Bxh7+ Kxh7 16. Qc2+ Bf5 17. Qxc5 d3 18. Qd4 Qxd4 19. Nxd4 Be4 20. Rfd1 Rfd8 21. Nb5 Rac8 22. Nc3 Bg6 23. Kf1 Rd6 24. Rd2 Rc4 25. Re1 a6 26. a4 b5 27. axb5 axb5 28. Nxb5 Rxd5 29. Nc3 Rd7 30. f3 Rb4 31. Kf2 Rdb7 32. Nd1 f6 33. Re3 Rc7 34. Ke1 Rc1 35. Re7 Rbc4 36. Kf2 R4c2 37. Ke3 Rxd1 0-1

[Event "Cotswold Open 2025"]
[Site "?"]
[Date "2025.05.24"]
[Round "1.20"]
[White "Fathallah, Joe"]
[Black "Van Kemenade, Julie"]
[Result "1-0"]
[WhiteElo "1960"]
[BlackElo "1710"]
[WhiteFideId "-1"]
[WhiteFideId "-1"]
[PlyCount "53"]
[GameId "2189505317155942"]
[SourceVersionDate "2025.06.08"]

1. d4 d6 2. c4 g6 3. e4 Bg7 4. Nc3 Nd7 5. Be3 e5 6. d5 Ngf6 7. f3 O-O 8. Qd2 a6 9. Nge2 Ne8 10. g4 Ndf6 11. Ng3 c6 12. O-O-O cxd5 13. cxd5 Nd7 14. h4 Qc7 15. h5 Nc5 16. Kb1 b5 17. Rc1 f5 18. gxf5 gxf5 19. exf5 Bxf5+ 20. Nxf5 Rxf5 21. h6 Bh8 22. Rg1+ Kf8 23. Ne4 Qd7 24. Nxc5 dxc5 25. Bxc5+ Nd6 26. Bh3 Rd8 27. Bxd6+ 1-0

[Event "Cotswold Open 2025"]
[Site "?"]
[Date "2025.05.24"]
[Round "1.21"]
[White "Kong, Emma"]
[Black "Morrison, Joseph"]
[Result "0-1"]
[WhiteElo "1659"]
[BlackElo "1950"]
[WhiteFideId "-1"]
[WhiteFideId "-1"]
[PlyCount "70"]
[GameId "2189506255570180"]
[SourceVersionDate "2025.06.08"]

1. d4 Nf6 2. c4 b6 3. Nc3 Bb7 4. Nf3 e6 5. g3 Be7 6. Bg2 O-O 7. O-O Ne4 8. Qd3 Nxc3 9. Qxc3 d6 10. Re1 f5 11. Qd2 h6 12. h4 Bf6 13. Rd1 Qe8 14. b3 Nd7 15. Bb2 Qh5 16. Rab1 Rad8 17. Ne5 Bxg2 18. Nxd7 Rxd7 19. Kxg2 g5 20. hxg5 Bxg5 21. Qd3 Rg7 22. Rh1 Qg6 23. e3 Bf6 24. Rh3 Rgf7 25. Rbh1 Bg7 26. Bc1 e5 27. dxe5 dxe5 28. Rd1 Kh7 29. Rhh1 Rf6 30. Ba3 R8f7 31. Qd5 f4 32. Qxe5 fxg3 33. Qh5 Qe4+ 34. f3 Rxf3 35. Kg1 Qxe3+ 0-1

[Event "Cotswold Open 2025"]
[Site "?"]
[Date "2025.05.24"]
[Round "2.1"]
[White "Spence, David"]
[Black "Homer, Stephen"]
[Result "1-0"]
[WhiteElo "2295"]
[BlackElo "2080"]
[WhiteFideId "-1"]
[WhiteFideId "-1"]
[PlyCount "41"]
[GameId "2204186130842018"]
[SourceVersionDate "2025.06.08"]

1. e4 c5 2. c3 Nf6 3. e5 Nd5 4. d4 cxd4 5. cxd4 Nc6 6. Nf3 d6 7. Bc4 dxe5 8. Bxd5 Qxd5 9. Nc3 Qc4 10. d5 Nd8 11. Nxe5 Qa6 12. Qb3 Bd7 13. Be3 g6 14. Nxd7 Kxd7 15. Bd4 Rg8 16. O-O-O Rc8 17. Kb1 Qc4 18. Qa3 Qa6 19. Na4 Ke8 20. Qh3 Qxa4 21. Qxc8 1-0